000 00325nam a22001337a 4500
008 210310b ||||| |||| 00| 0 eng d
041 _aeng
080 _a615.83
082 _a615.83
100 _a8
101 _aEGZ
245 _aTeaching Individuals with Physical and Multiple Disabilities
_cBigge,J.L
942 _2udc
_cBK
999 _c56269
_d56269